000 00357nam a2200145Ia 4500
008 240624s9999 xx 000 0 und d
041 _aeng
082 _a658.83 KUM
100 _aKUMAR V
245 _aESSENTIALS OF MARKETING RESEARCH
250 _a(2nd ed.)
260 _c2005
_aNew York
_bJohn Wiley
300 _axix, : 553 : p. : cm. ; 24
365 _cRS
999 _c3091
_d3091